Select Countries by Continent - Sudden Death - Statistics

General Stats
  • This quiz has been taken 87 times
  • The average score is 19 of 22
Answers on the Grid
Answers color-coded by a green-red scale on the quiz's grid according to % correct below.
North America
Europe
Africa
Asia
Oman
Slovakia
Libya
North Macedonia
Barbados
Kuwait
Mauritius
Eritrea
Honduras
Malta
Gabon
Bhutan
Jamaica
Singapore
Malaysia
Vietnam
Nepal
Bolivia
Nigeria
Georgia
Haiti
Portugal
Suriname
Uruguay
Canada
Laos
Nauru
Jordan
Guyana
Moldova
Belize
Sri Lanka
Costa Rica
Saint Lucia
Togo
Ivory Coast
Iceland
Kosovo
Mozambique
Austria
 
Answer Stats
Answer % Correct
Barbados
93%
Jamaica
93%
Honduras
92%
Malta
92%
Portugal
92%
Slovakia
92%
Canada
91%
Haiti
88%
Moldova
88%
Bhutan
87%
Gabon
87%
Libya
87%
Nigeria
87%
Costa Rica
86%
Kosovo
86%
Mozambique
86%
Vietnam
86%
Togo
83%
Jordan
82%
Sri Lanka
82%
Georgia
80%
Mauritius
78%
No matching quizzes found
Score Distribution
Percent of People with Each Score
Percentile by Number Answered
Your Score History
You have not taken this quiz